| 000 | 01525nam a2200397 a 4500 | ||
|---|---|---|---|
| 001 | 000111102 | ||
| 003 | CHAP | ||
| 005 | 20220329144158.0 | ||
| 008 | 141203s2014 mx a fsm |||||||spa d | ||
| 010 | _a107564 | ||
| 011 | _a108536 | ||
| 040 | _cCHAP | ||
| 090 | _aTesis | ||
| 100 | 1 |
_aAngulo Ayala, María de los Ángeles _9128913 |
|
| 245 | 1 | 0 |
_aAnálisis metodológico de las diferentes fases del proceso de producción y envasado de miel en la organización nacional de apicultores _h[En línea] _cpor María de los Ángeles Angulo Ayala. |
| 260 |
_aChapingo, Méx. : _bEl autor, _c2014. |
||
| 500 | _aPara ver el contenido del material haga clic en la liga | ||
| 502 | _aTesis (Ing. Agroindustrial ) -- UACH. Departamento de Ingeniería Agroindustrial | ||
| 590 |
_aBATCH-UPD _b05 _c20141204 _lUCH01 _h0835 |
||
| 590 |
_aBATCH _b00 _c20181121 _lUCH01 _h0758 |
||
| 590 |
_aE11695DGD _b10 _c20141207 _lUCH01 _h1339 |
||
| 590 |
_aE5995AHE _b05 _c20141203 _lUCH01 _h1030 |
||
| 590 |
_aE5995AHE _b05 _c20141203 _lUCH01 _h1030 |
||
| 590 |
_aE5995AHE _b05 _c20141203 _lUCH01 _h1436 |
||
| 590 |
_aE5995AHE _b05 _c20141204 _lUCH01 _h0834 |
||
| 650 | 1 | 4 |
_aApicultura _96241 |
| 650 | 1 | 4 |
_aMiel de abeja _xEnvasado. _9128914 |
| 650 | 1 | 4 |
_aMiel de abejas _xMercadeo. _975567 |
| 650 | 1 | 4 |
_aMiel de abejas _xRendimiento. _975571 |
| 650 | 1 | 4 |
_aOrganización de productores. _983544 |
| 856 |
_a1 _n0000390 |
||
| 856 |
_aFinding aid _uhttp://10.13.5.2/tesis/sist111102.pdf _zTeclea aquí |
||
| 901 | _aBK | ||
| 942 | _cTESIS | ||
| 942 | _n0 | ||
| 999 |
_c107564 _d107564 |
||